Capitals of North and South America - Statistics

General Stats
  • This quiz has been taken 1,621 times
  • The average score is 27 of 35
Answer Stats
Hint Answer % Correct
Mexico Mexico City
93%
Brazil Brasilia
90%
United States Washington DC
90%
Peru Lima
89%
Canada Ottawa
89%
Cuba Havana
88%
Argentina Buenos Aires
87%
Panama Panama City
87%
El Salvador San Salvador
86%
Chile Santiago
86%
Colombia Bogota
85%
Guatemala Guatemala City
85%
Venezuela Caracas
84%
Jamaica Kingston
83%
Uruguay Montevideo
82%
Ecuador Quito
82%
Guyana Georgetown
79%
Costa Rica San Jose
79%
Domincan Republic Santo Domingo
77%
Paraguay Asuncion
76%
Nicaragua Managua
76%
Bahamas Nassau
76%
Haiti Port au Prince
76%
Belize Belmopan
72%
Trinidad and Tobago Port of Spain
70%
Honduras Tegucigalpa
70%
Barbados Bridgetown
69%
Bolivia Sucre
69%
Suriname Paramaribo
68%
Antigua and Barbuda Saint John's
66%
Saint Vincent and the Grenadines Kingstown
65%
Dominica Roseau
63%
Grenada Saint George's
62%
Saint Lucia Castries
60%
Saint Kitts and Nevis Basseterre
58%
No matching quizzes found
Score Distribution
Percent of People with Each Score
Percentile by Number Answered
Your Score History
You have not taken this quiz